Actuaciones inspectoras en materia de proteccin̤ de datos el protocolo de inspeccin̤ : texto actualizado segn︢ el RD 1720/2007, de 21 de diciembre, por el que se aprueba el reglamento de desarrollo de la LOPD /

Bibliographic Details
Main Author: Ortega Soriano, Jorge
Other Authors: Salla, Xavi
Format: Unknown
Language:Spanish
Published: Barcelona : Bosch, 2008.
Subjects:
Online Access:Acceso restringido

MARC

LEADER 00000ny a22000003n 4500
005 20110621110029.0
008 080527s2008 sp 001 0 spa d
017 |a D.L.B.20925-2008 
020 |a 9788476988176 
035 |a 3367 
040 |a SpMaUCDE  |d vlex 
080 |a 342.738(460) 
090 |c 1330  |d 1330 
100 1 |a Ortega Soriano, Jorge 
245 1 0 |a Actuaciones inspectoras en materia de proteccin̤ de datos  |h [Recurso electrn̤ico]  |b el protocolo de inspeccin̤ : texto actualizado segn︢ el RD 1720/2007, de 21 de diciembre, por el que se aprueba el reglamento de desarrollo de la LOPD /  |c J. Ortega, X. Salla. 
256 |a Servicio en ln̕ea 
260 |a Barcelona :  |b Bosch,  |c 2008. 
300 |a 168 p. ;  |c 24 cm 
506 1 |a Contenido solo disponible en los productos indicados  |d vLex Global  |d vLex Global (Academic Edition, excluding Law Schools)  |d vLex Global (U.S. Academic Edition, Law Schools)  |d vLex Global (U.S. Academic Edition, excluding Law Schools)  |d vLex Global (Academic Edition, Law Schools) 
650 0 7 |a Proteccin̤ de datos personales  |2 Tesauro vLex 
650 0 7 |a Inspeccin̤ administrativa  |2 Tesauro vLex 
700 1 |a Salla, Xavi 
740 0 |a vLex Libros (Servicios en ln̕ea) 
856 4 0 |u http://vlex.com/source/3367  |z Acceso restringido 
942 |c BOOK